| 000 | 00640nam a22002057a 4500 | ||
|---|---|---|---|
| 003 | OSt | ||
| 005 | 20251127160649.0 | ||
| 008 | 251127b |||||||| |||| 00| 0 eng d | ||
| 020 | _a0-7619-3379-4. | ||
| 040 |
_aDWCL-Main lib _cOC |
||
| 082 | _aCirc. 079.54 P896 2005 | ||
| 100 | _aRajan, Nalimi | ||
| 245 |
_aPractising journalism : _bvalues, constraints, implications _cRajan, Nalimi |
||
| 260 |
_aNew Delhi : _bSage publications India Pvt. Ltd., _cc2005. |
||
| 300 |
_avi, 358 pages ; _c21 cm. |
||
| 504 | _aIncludes index. | ||
| 650 | _21. Journalism-India. | ||
| 650 | _22. Journalism ethics-India. | ||
| 942 |
_2ddc _cBK-CIRC _kCirc. _n0 |
||
| 999 |
_c6510 _d6510 |
||